| 000 | 00762nam a22002177a 4500 | ||
|---|---|---|---|
| 005 | 2012121002492.0 | ||
| 008 | 121210t xxu||||| |||| 00| 0 eng d | ||
| 010 | _aENG-106293 | ||
| 020 |
_a9788184842067 _c980.00 |
||
| 035 | _aEN-89826 | ||
| 037 | _bDBAD/PUB | ||
| 040 |
_aDPL _bEng |
||
| 100 |
_954009 _aChouri, Dnyaneshwar P. |
||
| 245 |
_aRight to health and legal protection / _cby Dnyaneshwar P. Chouri |
||
| 260 |
_aNew Delhi _bRegal Publications _c2013 |
||
| 270 |
_aF-159 Rajouri Garden _bNew Delhi _e110027 |
||
| 300 |
_axv,239p. _c23cm(Hb) |
||
| 500 | _aIncludes bibliographical references and index | ||
| 942 |
_2ddc _cEN _mCHO |
||
| 999 |
_c71977 _d71977 |
||